000 00718nam a22002297a 4500
005 20170124105947.0
010 _aB-120164
020 _c150.00
_a9788173871528
035 _aB-120164
037 _bCen Lib/Ret
040 _aDPL
_bEN
082 _a260.42
_bKOH
100 _aKohli, M. S.
_912673
245 _aMiracles of aradaas :
_cby M.S. Kohli
_bincredible adventures and survivals /
260 _aNew Delhi
_bIndus Publishing Company
_c2003
270 _bNew Delhi
_aFS-5, Tagore Garden
_e110027
300 _a184p.
_c21cm(pbk)
500 _aIncludes appendix, glossary and index
650 _aSikhism
_93669
650 _aMiracles of aradas
_912674
942 _2ddc
_cEN
_h260.42
_mKOH
999 _c125011
_d125011